Revista de Educação (Registro n. 704)

Detalhes MARC
000 -LEADER
fixed length control field 00787nas a22002057a 4500
005 - DATE AND TIME OF LATEST TRANSACTION
control field 20260521143306.0
008 - FIXED-LENGTH DATA ELEMENTS--GENERAL INFORMATION
fixed length control field 260521b19351987poru||p| ||||s00| z por d
040 ## - CATALOGING SOURCE
Transcribing agency BR-ViAPE
245 ## - TITLE STATEMENT
Title Revista de Educação
260 ## - PUBLICATION, DISTRIBUTION, ETC.
Place of publication, distribution, etc. Vitória
Name of publisher, distributor, etc. Publicação do Serviço de Cooperação e Extensão Cultural do Departamento do Ensino Público
-- Secretaria de Educação do Estado do Espírito Santo
Date of publication, distribution, etc. 1935-1987
300 ## - PHYSICAL DESCRIPTION
Extent v.
Other physical details il.
310 ## - CURRENT PUBLICATION FREQUENCY
Current publication frequency Irregular
362 ## - DATES OF PUBLICATION AND/OR SEQUENTIAL DESIGNATION
Dates of publication and/or sequential designation Ano 2, n. 14 (mai. 1935) - n. 4 (mar. 1987).
500 ## - GENERAL NOTE
General note Coleção incompleta: disponíveis apenas alguns números do periódico
650 ## - SUBJECT ADDED ENTRY--TOPICAL TERM
Source of heading or term Educação
General subdivision Escolas
-- Ensino
Geographic subdivision Espírito Santo
651 ## - SUBJECT ADDED ENTRY--GEOGRAPHIC NAME
Geographic name Espírito Santo (Brasil)
Form subdivision Periódicos
710 ## - ADDED ENTRY--CORPORATE NAME
Corporate name or jurisdiction name as entry element Secretaria de Educação
942 ## - ADDED ENTRY ELEMENTS (KOHA)
Source of classification or shelving scheme Dewey Decimal Classification
Koha item type Periódicos
Suppress in OPAC Yes
Exemplares
Withdrawn status Lost status Source of classification or shelving scheme Damaged status Not for loan Home library Current library Date acquired Total checkouts Date last seen Price effective from Koha item type
    Dewey Decimal Classification     Hemeroteca Digital do Arquivo Público do Estado do Espírito Santo Hemeroteca Digital do Arquivo Público do Estado do Espírito Santo 05/21/2026   05/21/2026 05/21/2026 Periódicos